000 00659nam a22002417a 4500
003 UA-OsUOA
001 89650
007 ta
008 20121108b un ||||| |||| 00| 0 ukr d
100 _aЛюбич-Вольська О.
090 _a821.161.2
_bЛ93
942 _cBK
040 _aUA-OsUOA
_bukr
_cUA-OsUOA
_dUA-OsUOA
245 _aВолохаті ручки
_bказка для дітей
300 _a85 с.
955 _a3
041 _aukr
080 _a821.161.2
020 _a966-7255-07-7
260 _aЛьвів
_bКаменяр
_c1997
650 7 _a82 Література. Літературознавство
_2UDC
999 _c375913
_d375913